| 000 | 00628nam a22001697a 4500 | ||
|---|---|---|---|
| 020 | _qHard Cover. | ||
| 082 | _a200 | ||
| 100 | _aAhmad, Nadeem | ||
| 245 |
_aViscoelastic Properties of Polyurethanes with Particular Reference to Morphology, Thermal & Mechanical Behavior / _cNadeem Ahmad. |
||
| 260 |
_aIslamabad : _bSCME - NUST, _c2013. |
||
| 300 |
_axvii, 124 p. : ill. ; _c30cm. |
||
| 650 |
_aPhD-Materials Engineering _9123162 |
||
| 700 |
_aDr. Muhammad Bilal Khan. _919368 |
||
| 856 | _uhttp://10.250.8.41:8080/xmlui/handle/123456789/21012 | ||
| 942 |
_2ddc _cTHE |
||
| 999 |
_c534208 _d534208 |
||